Statystyki dla Quiz o Gabonie

Kliknij tutaj aby rozwiązać quiz!

Ogólne statystyki

  • Ten quiz został rozwiązany 503 razy
  • Średni wynik to 12 z 16

Statystyki odpowiedzi

HintOdpowiedź% Poprawnych
Główna linia szerokości geograficznej dzieląca państwo na półRównik
98%
Oficjalny językfrancuski
95%
Państwo, od którego Gabon uzyskał niepodległość w 1960 rokuFrancja
94%
Państwa granicząceGwinea Równikowa
94%
Państwa granicząceKamerun
93%
Państwa granicząceKongo
93%
Państwo wyspiarskie położone 225 km na zachód od GabonuWyspy Świętego
Tomasza i Książęca
89%
Zatoka granicząceZatoka {Gwinejska}
76%
85% ziemi Gabonu zajmują _____, najwyższy ze wszystkich państw
z wyjątkiem Surinamu
Lasy
73%
StolicaLibreville
69%
Największy eksportRopa naftowa
69%
Prawie połowa eksportu Gabonu trafia do tego państwaChiny
58%
25% światowej populacji tego naczelnego zamieszkuje GabonGoryle
58%
Bitwa o Gabon była jedynym znaczącym konfliktem
w Afryce Środkowej w tej wojnie
II Wojna Światowa
49%
Prezydent Gabonu w latach 1967–2009
(wskazówka: swoje nazwisko dzieli z bębnem afro-kubańskim)
Omar Bongo
35%
Drugie najludniejsze miastoPort-Gentil
30%

Rozkład punktacji

Percentyl według liczby udzielonych odpowiedzi

Procent ludzi z każdym wynikiem

Twoja historia wyników

Nie rozwiązałeś tego quizu